1467 1037 1724 1114 1967 1073 1813 1513 1472 1443 1155 1905 1518 1124 1616 1244 1897 1133 1401 1834 1769 1737 1984 1814 1989 1862 1327 1943 1465 1156 1319 1164 1683 1837 1546 1451 1577 1896 1438 1016 1966 1570 1644 1138 1580 1191 1697 1115 1654 1463 1622 1514 1101 1760 1118 1967 1654 1377 1049 1408 1812 1529 1955 1887 1597 1807 1263 1418 1730 1906 1955 1932 1409 1907 1825 1087 1914 1144 1262 1475 1381 1078 1603 1010 1675 1181 1788 1237 1422 1655 1459 1885 1359 1239 1060 1480 1998 1086 1055 BCNSPRNW ULIB Ver.6.0+V

เปลี่ยนเป็นภาษาไทย

Change to English
 แสดงรายละเอียดบรรณานุกรม
  กลับหน้าหลัก

Brief Record : Get Marc (ISO 2709) : E-mail record : QR code < ปิดหน้าต่าง
LEADER : 00000nas 2200000uu 4500
001    13399120115
003     ULIB
008    020711s|||| th a 000 0 tha d
022    08573336
110    โรงพยาบาลเจ้าพระยาอภัยภูเบศร
245    วารสารโรงพยาบาลเจ้าพระยาอภัยภูเบศร /^cโรงพยาบาลเจ้าพระยาอภัยภูเบศร
260    ปราจีนบุรี :^bโรงพยาบาลเจ้าพระยาอภัยภูเบศร,^cม.ป.ป.
310    ^aรายสี่เดือน
850    ^aฉบับที่ 1 ปีที่ 15
945    ^p0^l0^i900673
999    ^aวรรณษา ชูชัยมงคล
รายการนี้ยังไม่มีแท็ก
คุณยังไม่ได้ล็อกอิน คุณสามารถมีกิจกรรมร่วมกับเว็บไซต์ได้ แต่ต้องล็อกอินก่อน ::
  ล็อกอิน

รายการสื่อสารสนเทศ (วารสาร)

ดูแบบ: กล่อง รายการ
ARRIVED
ฉบับที่ 1 ปีที่ 15
สถานที่: ห้องสมุดวิทยาเขตสวรรค์ประชารักษ์ >หนังสือทั่วไป

BibComment


ยังไม่เคยถูกคอมเมนท์

คอมเมนท์ทรัพยากรรายการนี้
  คอมเมนท์: วารสารโรงพยาบาลเจ..


 Copyright 2026. Bcnsprnw @Library